| 000 | 00490cam a2200193ua 4500 | ||
|---|---|---|---|
| 020 | _a92-3-102476-0 | ||
| 041 |
_aeng _h |
||
| 082 |
_a627.01 _bHAI/PR |
||
| 100 | _aHaimes, Y Y. | ||
| 245 | 0 | 0 |
_aProcess of water resources project planning : A systems approach / _cY Y Haimes. _hTextual Documents |
| 250 |
_a1 / _b. |
||
| 260 |
_aGeneva : _bUNESCO , _c1987. |
||
| 300 | _a196 ; . | ||
| 504 | _a | ||
| 700 | 1 | _aKindler, J. | |
| 700 | 1 | _aPlate, E J. | |
| 942 | _cBK | ||
| 999 |
_c309 _d309 |
||